| 000 | 00502pam a2200193 a 4500 | ||
|---|---|---|---|
| 020 | _c | ||
| 040 | _aMedical College Lib. | ||
| 041 |
_aENG _hENG |
||
| 082 |
_a618 _bRAT |
||
| 100 | _aRatnam , S. S. . | ||
| 245 |
_aObstetrics and Gynaecology Vol - 2 / _c _hTextual Documents |
||
| 260 |
_a : _bOrient Longaman , _c1992. |
||
| 300 |
_a295 ; _c |
||
| 365 | _a350=00 | ||
| 653 |
_aObst & Gynac _aMedical Science |
||
| 930 | _a5033 | ||
| 999 |
_c5032 _d5032 |
||